|
|
|
|
| LEADER |
02174nam a2200601 i 4500 |
| 001 |
nkc20172955697 |
| 003 |
CZ PrNK |
| 005 |
20180102114210.0 |
| 007 |
ta |
| 008 |
171116s2018 xr abe e f 001 0 cze |
| 015 |
|
|
|a cnb002955697
|
| 020 |
|
|
|a 978-80-7541-093-1
|q (brožováno)
|
| 035 |
|
|
|a (OCoLC)1022785466
|
| 040 |
|
|
|a BOA001
|b cze
|e rda
|
| 041 |
1 |
|
|a cze
|h ger
|
| 043 |
|
|
|a n-mx---
|a ncbh---
|a ncgt---
|
| 072 |
|
7 |
|a 913(7)
|x Geografie Severní Ameriky, reálie, cestování
|2 Konspekt
|9 7
|
| 080 |
|
|
|a 913(721/727)
|2 MRF
|
| 080 |
|
|
|a 913(72)
|2 MRF
|
| 080 |
|
|
|a (036)913
|2 MRF
|
| 100 |
1 |
|
|a Müller-Wöbcke, Birgit,
|d 1961-
|7 xx0020239
|4 aut
|
| 240 |
1 |
0 |
|a Mexiko - Yucatán.
|l Česky
|
| 245 |
1 |
0 |
|a Mexiko :
|b Yucatán /
|c Birgit Müller-Wöbcke
|
| 246 |
3 |
|
|a Yucatán
|
| 246 |
1 |
8 |
|a Mexiko - Yucatán
|
| 250 |
|
|
|a České vydání čtvrté, aktualizované
|
| 264 |
|
1 |
|a Praha :
|b Jan Vašut s.r.o.,
|c 2018
|
| 300 |
|
|
|a 128 stran :
|b barevné ilustrace, mapy, plány ;
|c 19 cm +
|e 1 silniční mapa (měřítko 1:5 000 000 ; 64 x 43 cm)
|
| 336 |
|
|
|a text
|b txt
|2 rdacontent
|
| 336 |
|
|
|a kartografický obraz
|b cri
|2 rdacontent
|
| 337 |
|
|
|a bez média
|b n
|2 rdamedia
|
| 338 |
|
|
|a svazek
|b nc
|2 rdacarrier
|
| 338 |
|
|
|a list
|b nb
|2 rdacarrier
|
| 490 |
1 |
|
|a Merian live!
|
| 500 |
|
|
|a Z němčiny přeložila Alice Kavinová
|
| 500 |
|
|
|a Mapa uložena v kapse na zadní straně obálky
|
| 500 |
|
|
|a Chronologický přehled
|
| 500 |
|
|
|a Obsahuje rejstřík
|
| 651 |
|
7 |
|a Mexiko
|7 ge128515
|2 czenas
|
| 651 |
|
7 |
|a Yucatán (poloostrov)
|7 ge476192
|2 czenas
|
| 651 |
|
9 |
|a Mexico
|2 eczenas
|
| 651 |
|
9 |
|a Yucatán Peninsula
|2 eczenas
|
| 655 |
|
7 |
|a turistické průvodce
|7 fd133738
|2 czenas
|
| 655 |
|
9 |
|a tourist guidebooks
|2 eczenas
|
| 700 |
1 |
|
|a Kavinová, Alice
|7 xx0041141
|4 trl
|
| 830 |
|
0 |
|a Merian live!
|0 s
|
| 910 |
2 |
|
|a BOA001
|b 1-1398.349
|
| 928 |
9 |
|
|a Vašut
|
| 990 |
|
|
|a BK
|
| 995 |
|
|
|a 01
|
| 991 |
|
|
|b 201711
|c NOV
|
| 996 |
6 |
|
|b 2610726363
|c 1-1398.349
|l MZK
|r Sklad / do 1 hodiny
|n 0
|p p.v.
|w 001641163
|u 000010
|a 1
|e BOA001
|j MZK50
|s P
|
| 996 |
7 |
|
|b 2610728071
|c 1-1398.349
|l Vol.výběr
|r VV 1p
|n 8
|p kup
|h 913(7) PRU MEX
|w 001641163
|u 000020
|a 0
|e BOA001
|j MZK50
|s A
|